[Event "ISR-chT"]
[Site "Israel"]
[Date "2024.02.09"]
[Round "5.21"]
[White "Gorodetzky, Matan"]
[Black "Dvoirys, Semen I"]
[Result "1/2-1/2"]
[WhiteElo "2337"]
[BlackElo "2476"]
[PlyCount "69"]
[EventDate "2024.01.10"]
[EventType "team-tourn"]
[EventRounds "11"]
[EventCountry "ISR"]
[SourceTitle "CB09_2024"]
[SourceDate "2024.02.28"]
[SourceVersion "1"]
[SourceVersionDate "2024.02.28"]
[SourceQuality "1"]
[WhiteTeam "Rehovot"]
[BlackTeam "Beer Sheva II"]
[WhiteTeamCountry "ISR"]
[BlackTeamCountry "ISR"]

1. Nf3 c5 2. e3 Nf6 3. d4 cxd4 4. exd4 g6 5. c4 Bg7 6. Nc3 d5 7. cxd5 Nxd5 8. Bc4 Nb6 9. Bb3 0-0 10. 0-0 Nc6 11. d5 Na5 12. h3 Bxc3 13. bxc3 Nxb3 14. axb3 Qxd5 15. c4 Qxd1 16. Rxd1 Bf5 17. Be3 Rfc8 18. Ra5 Bc2 19. Rda1 Nd7 20. Nd4 Bd3 21. Rxa7 Rxa7 22. Rxa7 Nc5 23. f3 Rd8 24. b4 e5 25. Bg5 Rxd4 26. bxc5 Kg7 27. Rxb7 Rxc4 28. Be3 Rc2 29. Rd7 Bc4 30. Rd6 Be6 31. h4 h5 32. Kh2 Rc3 33. Bf2 Kf6 34. Kg3 Ke7 35. Kh2 1/2-1/2

[Event "EU-ch 23rd"]
[Site "Vrnjacka Banja"]
[Date "2023.03.12"]
[Round "10"]
[White "Alexakis, Dimitrios"]
[Black "Gorodetzky, Matan"]
[Result "0-1"]
[WhiteElo "2024"]
[BlackElo "2319"]
[PlyCount "26"]
[EventDate "2023.03.03"]
[EventType "swiss"]
[EventRounds "11"]
[EventCountry "SRB"]
[SourceTitle "CBM 213"]
[Source "ChessBase"]
[SourceDate "2023.04.30"]
[SourceVersion "1"]
[SourceVersionDate "2023.04.30"]
[SourceQuality "1"]

1. e4 e6 2. d4 d5 3. e5 c5 4. c3 Nc6 5. Nf3 Bd7 6. Bd3 cxd4 7. cxd4 Qb6 8. 0-0 Nxd4 9. Nbd2 Be7 10. Nxd4 Qxd4 11. Nf3 Qb4 12. b3 Qa5 13. Bd2 Qd8 0-1

[Event "ISR-chT"]
[Site "Israel"]
[Date "2021.06.25"]
[Round "11.4"]
[White "Klenburg, Mikhail"]
[Black "Gorodetzky, Matan"]
[Result "0-1"]
[WhiteElo "2344"]
[BlackElo "2276"]
[PlyCount "102"]
[EventDate "2021.04.22"]
[EventType "team-tourn"]
[EventRounds "11"]
[EventCountry "ISR"]
[SourceTitle "EXT 2022"]
[Source "ChessBase"]
[SourceDate "2021.10.06"]
[SourceVersion "1"]
[SourceVersionDate "2021.10.06"]
[SourceQuality "1"]
[WhiteTeam "Beer Sheva Yud Alef"]
[BlackTeam "Tsafrir Rehovot"]
[WhiteTeamCountry "ISR"]
[BlackTeamCountry "ISR"]

1. e4 e6 2. d4 d5 3. Nc3 Nf6 4. e5 Nfd7 5. Nce2 c5 6. c3 Nc6 7. Nf3 b5 8. a3 Rb8 9. Nf4 b4 10. axb4 cxb4 11. Bd3 h6 12. h4 Qc7 13. Kf1 bxc3 14. bxc3 Na5 15. Ra2 Nb3 16. Bb2 a5 17. Qc2 Qc6 18. Kg1 Ba6 19. Bxa6 Qxa6 20. Ba3 a4 21. Rh3 Bxa3 22. Rxa3 Qc6 23. Rg3 g6 24. Nxg6 fxg6 25. Qxg6+ Kd8 26. Qf7 Kc7 27. Rg6 Rbe8 28. Kh2 Kb6 29. Rxh6 Rhf8 30. Qh5 Kb5 31. Ng5 Nb6 32. Qg4 Rxf2 33. Nxe6 Nc4 34. Rxa4 Ne3 35. Rb4+ Ka5 36. Qh5 Rxe6 37. Rh7 Rxg2+ 38. Kh3 Qxc3 39. Rb8 Ka4 40. Ra7+ Na5 41. Rba8 Rh2+ 42. Kxh2 Qd2+ 43. Kg3 Qg2+ 44. Kf4 Qe4+ 45. Kg3 Rg6+ 46. Qxg6 Qxg6+ 47. Kf4 Qh6+ 48. Kf3 Nec4 49. Kg4 Qg6+ 50. Kf4 Kb4 51. Ra6 Nc6 0-1

[Event "EU-Cup Online Gr-F"]
[Site "Tornelo INT"]
[Date "2021.03.27"]
[Round "2.1"]
[White "Gorodetzky, Matan"]
[Black "Kovalev, Vladislav"]
[Result "1-0"]
[WhiteElo "2253"]
[BlackElo "2648"]
[PlyCount "71"]
[EventDate "2021.03.27"]
[EventType "team-tourn (rapid)"]
[EventRounds "9"]
[EventCountry "NET"]
[SourceTitle "CBM 201 Extra"]
[Source "ChessBase"]
[SourceDate "2021.05.31"]
[SourceVersion "1"]
[SourceVersionDate "2021.05.31"]
[SourceQuality "1"]
[WhiteTeam "Tsafrir Rehovot"]
[BlackTeam "Svetlana"]
[WhiteTeamCountry "ISR"]
[BlackTeamCountry "BLR"]

1. e4 e5 2. Nf3 Nc6 3. Bc4 Nf6 4. d3 Bc5 5. 0-0 a6 6. a4 d6 7. c3 h6 8. Na3 0-0 9. Nc2 Re8 10. Be3 Bxe3 11. Nxe3 Be6 12. Re1 Qd7 13. b4 Ne7 14. Qb3 Ng6 15. g3 Rad8 16. Bxe6 Rxe6 17. c4 Nh7 18. h4 Nf6 19. b5 Nh5 20. Qd1 Nf6 21. Nd2 c6 22. bxa6 bxa6 23. Nb3 Qa7 24. Qd2 d5 25. Qa5 Red6 26. Nf5 R6d7 27. Nc5 Rc7 28. Rab1 Kh7 29. Rb6 dxc4 30. dxc4 Ne7 31. Reb1 Nxf5 32. Rxa6 Ra8 33. exf5 Qxc5 34. Rxa8 Qd6 35. Rbb8 Qd1+ 36. Kg2 1-0

[Event "ISR-ch U18"]
[Site "HaKfar HaYarok"]
[Date "2021.03.24"]
[Round "7"]
[White "Ben Ari, Yannay"]
[Black "Gorodetzky, Matan"]
[Result "1/2-1/2"]
[WhiteElo "2403"]
[BlackElo "2253"]
[PlyCount "43"]
[EventDate "2021.03.19"]
[EventType "swiss"]
[EventRounds "9"]
[EventCountry "ISR"]
[SourceTitle "EXT 2022"]
[Source "ChessBase"]
[SourceDate "2021.10.06"]
[SourceVersion "1"]
[SourceVersionDate "2021.10.06"]
[SourceQuality "1"]

1. c4 e6 2. d4 d5 3. Nc3 c5 4. cxd5 exd5 5. Nf3 cxd4 6. Nxd4 Nf6 7. Bg5 Be7 8. e3 0-0 9. Rc1 Nc6 10. Be2 Be6 11. 0-0 Rc8 12. a3 h6 13. Bf4 Bd6 14. Bxd6 Qxd6 15. Qa4 a6 16. Rfd1 Ne5 17. Qb4 Qxb4 18. axb4 Nc6 19. Nxc6 Rxc6 20. b5 axb5 21. Bxb5 Rb6 22. Rb1 1/2-1/2

[Event "Elitzur Int Online"]
[Site "Chess.com INT"]
[Date "2020.11.01"]
[Round "7"]
[White "Gorodetzky, Matan"]
[Black "Babiy, Olga"]
[Result "1/2-1/2"]
[WhiteElo "2267"]
[BlackElo "2271"]
[PlyCount "129"]
[EventDate "2020.11.01"]
[EventType "swiss (blitz)"]
[EventRounds "11"]
[EventCountry "ISR"]
[SourceTitle "CBM 199 Extra"]
[Source "ChessBase"]
[SourceDate "2021.01.31"]
[SourceVersion "1"]
[SourceVersionDate "2021.01.31"]
[SourceQuality "1"]

1. e4 c6 2. d4 d5 3. exd5 cxd5 4. Bd3 Nc6 5. c3 Nf6 6. h3 Qc7 7. Ne2 e5 8. dxe5 Nxe5 9. 0-0 Be6 10. Nd4 a6 11. Qa4+ Bd7 12. Qc2 Bd6 13. Bg5 Nxd3 14. Bxf6 gxf6 15. Qxd3 0-0-0 16. Nd2 Rhg8 17. c4 dxc4 18. Nxc4 Bh2+ 19. Kh1 Kb8 20. Rac1 Bf4 21. Rc3 Bb5 22. a4 Be5 23. axb5 Rxd4 24. Qe2 Rd5 25. Ne3 Rc5 26. Rxc5 Qxc5 27. bxa6 bxa6 28. Qxa6 Bd4 29. Nc4 Qd5 30. f3 Rc8 31. Qd6+ Qxd6 32. Nxd6 Rc2 33. Nxf7 Rxb2 34. Nd6 Be5 35. Nf5 Rc2 36. f4 Bb2 37. Kh2 Kc7 38. Kg3 Rc3+ 39. Kg4 Rc2 40. Ne3 Re2 41. Kf3 Rd2 42. g4 Bd4 43. Nf5 Bc5 44. Rc1 Kb6 45. h4 Rd3+ 46. Ke4 Rd2 47. h5 Rg2 48. Kf3 Rf2+ 49. Kg3 Rb2 50. g5 fxg5 51. fxg5 Rb3+ 52. Kf4 Bb4 53. Rg1 Bd2+ 54. Ke5 Rb5+ 55. Kf6 Bc3+ 56. Kf7 Rxf5+ 57. Kg8 Bd4 58. Rg4 Be3 59. g6 hxg6 60. hxg6 Kc5 61. g7 Bd4 62. Kh7 Rf7 63. Kh6 Bxg7+ 64. Rxg7 Rxg7 65. Kxg7 1/2-1/2

[Event "Elitzur Int Online"]
[Site "Chess.com INT"]
[Date "2020.11.01"]
[Round "4"]
[White "Gorodetzky, Matan"]
[Black "Volkov, Sergey"]
[Result "0-1"]
[WhiteElo "2267"]
[BlackElo "2557"]
[PlyCount "60"]
[EventDate "2020.11.01"]
[EventType "swiss (blitz)"]
[EventRounds "11"]
[EventCountry "ISR"]
[SourceTitle "CBM 199 Extra"]
[Source "ChessBase"]
[SourceDate "2021.01.31"]
[SourceVersion "1"]
[SourceVersionDate "2021.01.31"]
[SourceQuality "1"]

1. e4 e6 2. d4 d5 3. exd5 exd5 4. Nf3 Nc6 5. c3 Bd6 6. Bd3 Nge7 7. 0-0 Bg4 8. Nbd2 Qd7 9. b4 0-0 10. a4 Ng6 11. Nb3 Rae8 12. Nc5 Bxc5 13. bxc5 Nh4 14. Be2 Qe6 15. Ra2 h6 16. Be3 Nxf3+ 17. Bxf3 Bxf3 18. Qxf3 Na5 19. Re2 Re7 20. Rfe1 Rfe8 21. Qg3 Qf6 22. Kf1 Nc4 23. Bf4 Rxe2 24. Rxe2 Rxe2 25. Kxe2 Qa6 26. Kf3 Qxa4 27. Bxc7 Qd1+ 28. Kf4 Qd2+ 29. Kf5 Qc2+ 30. Kf4 Qe4# 0-1

[Event "EU-ch Online U2300 Final"]
[Site "Chess.com INT"]
[Date "2020.05.26"]
[Round "5"]
[White "Caputcuoglu, Zeki Berke"]
[Black "Gorodetzky, Matan"]
[Result "1-0"]
[WhiteElo "2138"]
[BlackElo "2284"]
[PlyCount "95"]
[EventDate "2020.05.26"]
[EventType "swiss"]
[EventRounds "8"]
[EventCountry "NET"]
[SourceTitle "CBM 196 Extra"]
[Source "ChessBase"]
[SourceDate "2020.07.31"]
[SourceVersion "1"]
[SourceVersionDate "2020.07.31"]
[SourceQuality "1"]

1. Nf3 d5 2. d4 c5 3. c4 e6 4. cxd5 exd5 5. g3 Nf6 6. Bg2 Nc6 7. 0-0 Be7 8. Nc3 0-0 9. dxc5 Bxc5 10. Bg5 d4 11. Bxf6 Qxf6 12. Nd5 Qd8 13. Nd2 Be6 14. Nf4 Re8 15. Rc1 Bb6 16. Nc4 Rc8 17. a3 h6 18. Re1 Bf5 19. b4 Bc7 20. Nd3 Bb8 21. Nc5 b6 22. Nb3 Be6 23. Qd3 Qd7 24. Bxc6 Rxc6 25. Nxd4 Bxc4 26. Rxc4 Rd6 27. Rd1 b5 28. Rc2 a6 29. e3 Ba7 30. Qc3 Qh3 31. Qc7 Rd7 32. Qf4 Bb8 33. Qf3 Be5 34. Nc6 Rxd1+ 35. Qxd1 Bf6 36. Qd5 Rc8 37. Nd4 Rd8 38. Qe4 Qd7 39. Rd2 Qc7 40. Rd1 Qc3 41. Qd3 Qc7 42. Kg2 Qb7+ 43. Kg1 Qd5 44. Re1 Qa2 45. Re2 Qa1+ 46. Kg2 Bxd4 47. exd4 Qxd4 48. Re8+ 1-0

[Event "EU-ch Online U2300 Final"]
[Site "Chess.com INT"]
[Date "2020.05.26"]
[Round "2"]
[White "Kharatyan, Roman"]
[Black "Gorodetzky, Matan"]
[Result "0-1"]
[WhiteElo "1984"]
[BlackElo "2284"]
[PlyCount "76"]
[EventDate "2020.05.26"]
[EventType "swiss"]
[EventRounds "8"]
[EventCountry "NET"]
[SourceTitle "CBM 196 Extra"]
[Source "ChessBase"]
[SourceDate "2020.07.31"]
[SourceVersion "1"]
[SourceVersionDate "2020.07.31"]
[SourceQuality "1"]

1. e4 e6 2. d4 d5 3. exd5 exd5 4. Bd3 Nf6 5. h3 c5 6. c3 Nc6 7. Be3 c4 8. Bc2 Bd6 9. Qf3 Be6 10. Nd2 Qb6 11. Rb1 0-0-0 12. Ne2 Ne7 13. b3 Qc6 14. bxc4 dxc4 15. Ne4 Bd5 16. Nxd6+ Qxd6 17. Qf4 Bxg2 18. Rg1 Bxh3 19. Qf3 Qd7 20. Rxg7 Ned5 21. Nf4 Nxf4 22. Bxf4 Be6 23. Bg5 Ne8 24. Ba4 Qd5 25. Qxd5 Rxd5 26. Bxe8 Rxe8 27. Kd2 Ra5 28. Rb2 Rf5 29. Bh4 Rf3 30. Rxh7 Rd3+ 31. Kc1 Bg4 32. Rb5 Re1+ 33. Kb2 Re2+ 34. Ka3 b6 35. Rg5 Be6 36. Rg3 Rdd2 37. d5 Bxd5 38. Kb4 Rb2+ 0-1

[Event "EU-ch Online U2300 Qual"]
[Site "Chess.com INT"]
[Date "2020.05.25"]
[Round "1"]
[White "Gorodetzky, Matan"]
[Black "Selbes, Tarik"]
[Result "0-1"]
[WhiteElo "2284"]
[BlackElo "2235"]
[PlyCount "134"]
[EventDate "2020.05.25"]
[EventType "swiss"]
[EventRounds "8"]
[EventCountry "NET"]
[SourceTitle "EXT 2021"]
[Source "ChessBase"]
[SourceDate "2020.10.23"]
[SourceVersion "1"]
[SourceVersionDate "2020.10.23"]
[SourceQuality "1"]

1. e4 e5 2. Nf3 Nc6 3. Bc4 Nf6 4. d3 Be7 5. 0-0 0-0 6. Re1 d6 7. a3 Be6 8. Nc3 Re8 9. h3 h6 10. Be3 Bf8 11. Bb5 a6 12. Bxc6 bxc6 13. d4 exd4 14. Nxd4 Bd7 15. Qd3 c5 16. Nf3 Bc6 17. Nd2 g6 18. Nd5 Nxd5 19. exd5 Bb5 20. c4 Bd7 21. b4 cxb4 22. axb4 Bg7 23. Ra2 Bf5 24. Qb3 g5 25. Nf1 Bg6 26. Rae2 f5 27. Bd2 Rxe2 28. Rxe2 Qf6 29. Re6 Qf7 30. c5 Rd8 31. c6 f4 32. Nh2 Bf5 33. Re1 Re8 34. Nf3 Rxe1+ 35. Bxe1 Be4 36. Qc4 Qxd5 37. Qxa6 Qxc6 38. Qc8+ Kh7 39. Qe6 Qd5 40. Qe7 Qc4 41. Nd2 Qxb4 42. Qxe4+ Qxe4 43. Nxe4 Be5 44. f3 Kg6 45. Bf2 Kf5 46. Kf1 c5 47. Ke2 c4 48. Be1 d5 49. Nf2 h5 50. Bb4 Bf6 51. Kd2 Bd4 52. Nd1 g4 53. hxg4+ hxg4 54. Nc3 Be3+ 55. Ke2 d4 56. Ne4 gxf3+ 57. Kxf3 Ke5 58. Bd2 Bxd2 59. Nxd2 c3 60. Nb3 d3 61. Kf2 Ke4 62. Ke1 Ke3 63. Kd1 d2 64. Kc2 Ke2 65. Nd4+ Ke1 66. Nf3+ Kf2 67. Nh4 Ke2 0-1

[Event "Jerusalem Israel op"]
[Site "Jerusalem"]
[Date "2019.12.19"]
[Round "7"]
[White "Tsyn, Igor"]
[Black "Gorodetzky, Matan"]
[Result "1-0"]
[WhiteElo "2154"]
[BlackElo "2284"]
[PlyCount "77"]
[EventDate "2019.12.12"]
[EventType "swiss"]
[EventRounds "9"]
[EventCountry "ISR"]
[SourceTitle "CBM 193 Extra"]
[Source "ChessBase"]
[SourceDate "2020.01.31"]
[SourceVersion "1"]
[SourceVersionDate "2020.01.31"]
[SourceQuality "1"]

1. e4 e6 2. d4 d5 3. Nd2 a6 4. Ngf3 c5 5. exd5 exd5 6. dxc5 Bxc5 7. Bd3 Qe7+ 8. Qe2 Nc6 9. Nb3 Bb6 10. c3 Bg4 11. Qxe7+ Ngxe7 12. Nbd4 0-0 13. Be3 Bxf3 14. Nxf3 Bxe3 15. fxe3 Rfe8 16. 0-0-0 Nc8 17. Rhe1 Nd6 18. Bc2 Nc4 19. e4 dxe4 20. Bxe4 Kf8 21. Bxc6 bxc6 22. Rd4 Rxe1+ 23. Nxe1 Ne3 24. Kd2 Re8 25. Ra4 c5 26. b3 Nf1+ 27. Kd1 Ne3+ 28. Kd2 Nf1+ 29. Kd1 Nxh2 30. Rh4 Nf1 31. Rxh7 Ne3+ 32. Kd2 Nf1+ 33. Kd1 Kg8 34. Rh3 f5 35. Rf3 Nh2 36. Rxf5 Ng4 37. Rf3 c4 38. Rf4 cxb3 39. Rxg4 1-0

[Event "Jerusalem Israel op"]
[Site "Jerusalem"]
[Date "2019.12.16"]
[Round "4"]
[White "Gorodetzky, Matan"]
[Black "Golberg, Igor"]
[Result "1/2-1/2"]
[WhiteElo "2284"]
[BlackElo "2156"]
[PlyCount "89"]
[EventDate "2019.12.12"]
[EventType "swiss"]
[EventRounds "9"]
[EventCountry "ISR"]
[SourceTitle "CBM 193 Extra"]
[Source "ChessBase"]
[SourceDate "2020.01.31"]
[SourceVersion "1"]
[SourceVersionDate "2020.01.31"]
[SourceQuality "1"]

1. e4 c6 2. d4 d5 3. exd5 cxd5 4. Bd3 Nc6 5. c3 Nf6 6. Bf4 Bg4 7. Qb3 Qc8 8. Nd2 e6 9. Ngf3 Be7 10. Ne5 Nxe5 11. Bxe5 a6 12. 0-0 Bh5 13. c4 0-0 14. Rac1 Qd7 15. c5 Rac8 16. h3 Bg6 17. Rfe1 Qc6 18. Bxg6 hxg6 19. Qd3 Nd7 20. Bh2 a5 21. a3 a4 22. Rc3 b6 23. cxb6 Qxb6 24. Rec1 Rxc3 25. Qxc3 Bg5 26. Rc2 Bxd2 27. Qxd2 Qa6 28. Qc1 Nb6 29. Rc6 Qb7 30. Rc7 Rc8 31. Rxc8+ Nxc8 32. Qc2 Nb6 33. b3 axb3 34. Qxb3 Qc6 35. Bf4 Kh7 36. h4 f6 37. Kh2 Nc4 38. Qc2 e5 39. dxe5 fxe5 40. Bg5 e4 41. f3 Qd6+ 42. Kh1 Nxa3 43. Qe2 exf3 44. Qxf3 Nc4 45. h5 1/2-1/2

[Event "Jerusalem Israel op"]
[Site "Jerusalem"]
[Date "2019.12.15"]
[Round "3"]
[White "Mikhalevski, Victor"]
[Black "Gorodetzky, Matan"]
[Result "1-0"]
[WhiteElo "2559"]
[BlackElo "2284"]
[PlyCount "53"]
[EventDate "2019.12.12"]
[EventType "swiss"]
[EventRounds "9"]
[EventCountry "ISR"]
[SourceTitle "CBM 193 Extra"]
[Source "ChessBase"]
[SourceDate "2020.01.31"]
[SourceVersion "1"]
[SourceVersionDate "2020.01.31"]
[SourceQuality "1"]

1. c4 e6 2. d4 d5 3. Nf3 c5 4. cxd5 exd5 5. Bg5 Be7 6. Bxe7 Nxe7 7. dxc5 Qa5+ 8. Nc3 Qxc5 9. e3 Nbc6 10. Qa4 0-0 11. Bb5 Rd8 12. Rd1 Be6 13. 0-0 a6 14. Bxc6 Nxc6 15. Rd2 Qc4 16. Rc1 Qxa4 17. Nxa4 Na5 18. b3 Rac8 19. Rcd1 b5 20. Nb6 Rc6 21. Nxd5 Kf8 22. e4 Nb7 23. Nd4 Rcd6 24. Nc7 Bc8 25. e5 Rb6 26. f4 Ke7 27. Nf5+ 1-0

[Event "Arad op 12th"]
[Site "Arad"]
[Date "2019.07.31"]
[Round "9"]
[White "Gorodetzky, Matan"]
[Black "Nedelcu, Teodor Cosmin"]
[Result "0-1"]
[WhiteElo "2290"]
[BlackElo "1963"]
[PlyCount "68"]
[EventDate "2019.07.24"]
[EventType "swiss"]
[EventRounds "9"]
[EventCountry "ROU"]
[SourceTitle "CBM 191 Extra"]
[Source "ChessBase"]
[SourceDate "2019.09.30"]
[SourceVersion "1"]
[SourceVersionDate "2019.09.30"]
[SourceQuality "1"]

1. d4 d5 2. Nf3 Nf6 3. e3 e6 4. c4 Be7 5. b3 0-0 6. Bd3 b6 7. 0-0 Bb7 8. Bb2 Nbd7 9. Qe2 a6 10. Nbd2 c5 11. Rfd1 Qb8 12. h3 Qa7 13. Ne5 Rad8 14. f4 Ba8 15. g4 dxc4 16. bxc4 Nxe5 17. fxe5 Nd7 18. Ne4 Qb7 19. Kh2 f6 20. d5 Nxe5 21. Bxe5 fxe5 22. Nc3 e4 23. Bxe4 Qc7+ 24. Kh1 Bf6 25. Rac1 Qg3 26. Qg2 Qxe3 27. Re1 Qh6 28. dxe6 Rd2 29. Bxa8 Rxg2 30. Bxg2 Re8 31. Rc2 Bd4 32. e7 Qh4 33. Bd5+ Kh8 34. Ree2 Qxh3+ 0-1